[Event "BL 2324 Hamburger SK - SC Remagen Sinzig"]
[Site "?"]
[Date "2024.03.16"]
[Round "12.3"]
[White "Burg, Twan"]
[Black "Engel, Luis"]
[Result "0-1"]
[WhiteElo "2523"]
[BlackElo "2547"]
[PlyCount "96"]
[EventDate "2024.??.??"]

1. e4 c5 2. Nf3 d6 3. Bb5+ Bd7 4. Bxd7+ Qxd7 5. c4 Nc6 6. d4 cxd4 7. Nxd4 g6 8. Nc3 Bg7 9. Be3 Nf6 10. f3 O-O 11. O-O a6 12. a4 e6 13. Rc1 Rfd8 14. Nde2 d5 15. cxd5 exd5 16. Bb6 Re8 17. Nxd5 Nxd5 18. Qxd5 Qxd5 19. exd5 Rxe2 20. dxc6 bxc6 21. Rf2 Rxb2 22. Rxb2 Bxb2 23. Rxc6 Kf8 24. Kf2 Ke8 25. Ke3 Be5 26. h3 Kd7 27. Rc4 Rb8 28. a5 Re8 29. f4 Bd6+ 30. Kf3 f5 31. Rd4 Rc8 32. Rd3 Rc4 33. Be3 Kc6 34. g4 Ra4 35. Rc3+ Kd5 36. Rd3+ Ke6 37. gxf5+ gxf5 38. Rc3 Rxa5 39. Rc8 Ra3 40. Ke2 a5 41. h4 h5 42. Bd2 Ra2 43. Kd3 a4 44. Ra8 a3 45. Ra6 Kd5 46. Ra5+ Kc6 47. Rxf5 Rxd2+ 48. Kxd2 a2 0-1

[Event "BL 2324 Hamburger SK - SC Remagen Sinzig"]
[Site "?"]
[Date "2024.03.16"]
[Round "12.4"]
[White "Papp, Gabor"]
[Black "Swinkels, Robin"]
[Result "1/2-1/2"]
[WhiteElo "2558"]
[BlackElo "2511"]
[PlyCount "111"]
[EventDate "2024.??.??"]

1. e4 e5 2. Nf3 Nc6 3. Bc4 Bc5 4. d3 Nf6 5. Bg5 h6 6. Bh4 d6 7. c3 a6 8. a4 Ba7 9. Nbd2 Qe7 10. O-O g5 11. Bg3 Bg4 12. h3 Bd7 13. b4 Nh5 14. Kh2 Nf4 15. b5 Na5 16. bxa6 bxa6 17. d4 O-O 18. Bxa6 Bxd4 19. cxd4 Rxa6 20. Rc1 c5 21. dxe5 dxe5 22. Qc2 Rc8 23. Qc3 Bxa4 24. Nxe5 Ne2 25. Qd3 Nxg3 26. fxg3 c4 27. Ndxc4 Bb5 28. Nxa5 Rxc1 29. Qxb5 Rxa5 30. Qb8+ Qf8 31. Qxf8+ Kxf8 32. Nd7+ Ke7 33. Rxc1 Kxd7 34. Rb1 Ra6 35. h4 Re6 36. Rb7+ Ke8 37. Rb4 Ke7 38. Kh3 Kf6 39. Kg4 Kg6 40. Kf3 Rf6+ 41. Ke3 Rf1 42. Rb6+ Kg7 43. Ke2 Rh1 44. hxg5 hxg5 45. Kf3 Re1 46. Ra6 f6 47. Ra7+ Kg6 48. Re7 Rf1+ 49. Ke2 Rg1 50. Kf2 Ra1 51. Re6 Ra2+ 52. Kf3 Ra3+ 53. Kg4 Ra4 54. Kf3 Ra3+ 55. Kg4 Ra4 56. Kf3 1/2-1/2

[Event "BL 2324 Hamburger SK - SC Remagen Sinzig"]
[Site "?"]
[Date "2024.03.16"]
[Round "12.5"]
[White "Dgebuadze, Alexandre"]
[Black "Kramer, Julian"]
[Result "1/2-1/2"]
[WhiteElo "2443"]
[BlackElo "2469"]
[PlyCount "85"]
[EventDate "2024.??.??"]

1. e4 e6 2. d4 d5 3. Nc3 Bb4 4. e5 b6 5. Qg4 g6 6. h4 h5 7. Qd1 Ba6 8. Bxa6 Nxa6 9. Qd3 Qc8 10. Nge2 Nh6 11. Bg5 Nf5 12. Bf6 Rg8 13. a3 Be7 14. Bxe7 Kxe7 15. Ng3 c5 16. Nb5 Qc6 17. Nd6 Nc7 18. Ngxf5+ gxf5 19. O-O-O c4 20. Qe2 Rg4 21. f3 Rg6 22. g4 hxg4 23. h5 gxf3 24. Qxf3 Rh6 25. Qf4 Rh7 26. Qg5+ Kd7 27. Nxf5 Rah8 28. Qe7+ Kc8 29. Nd6+ Kb8 30. Rdg1 c3 31. b3 Nb5 32. Nxb5 Qxb5 33. Kb1 Qe2 34. Qd6+ Kb7 35. Qd7+ Kb8 36. Qd6+ Kb7 37. Qd7+ Kb8 38. Rh3 Rg7 39. Qd6+ Kb7 40. Qd7+ Kb8 41. Qd6+ Kb7 42. Qd7+ Kb8 43. Qd6+ 1/2-1/2

[Event "BL 2324 Hamburger SK - SC Remagen Sinzig"]
[Site "?"]
[Date "2024.03.16"]
[Round "12.6"]
[White "Ftacnik, Lubomir"]
[Black "Vandenbussche, Thibaut"]
[Result "1/2-1/2"]
[WhiteElo "2453"]
[BlackElo "2427"]
[PlyCount "67"]
[EventDate "2024.??.??"]

1. c4 e6 2. Nf3 d5 3. g3 Nd7 4. b3 Ngf6 5. Bg2 Bd6 6. O-O O-O 7. Nc3 c6 8. Bb2 Qe7 9. Qc2 Ne5 10. Nxe5 Bxe5 11. Rad1 d4 12. Na4 Nd7 13. e3 dxe3 14. dxe3 Bxb2 15. Qxb2 e5 16. Qd2 Nb6 17. Nc3 Bg4 18. Qd6 Qxd6 19. Rxd6 Rad8 20. Ne4 Nc8 21. Rxd8 Rxd8 22. h3 Bf5 23. Nc5 b6 24. g4 bxc5 25. gxf5 Ne7 26. Rb1 a5 27. a3 Kf8 28. Be4 g6 29. f6 Ng8 30. Bxc6 Nxf6 31. b4 axb4 32. axb4 cxb4 33. Rxb4 Ke7 34. Rb7+ 1/2-1/2

[Event "BL 2324 Hamburger SK - SC Remagen Sinzig"]
[Site "?"]
[Date "2024.03.16"]
[Round "12.8"]
[White "Sebastian, Dirk"]
[Black "Baerwinkel, Tobias"]
[Result "1/2-1/2"]
[WhiteElo "2432"]
[BlackElo "2306"]
[PlyCount "76"]
[EventDate "2024.??.??"]

1. e4 c5 2. Nf3 d6 3. d4 cxd4 4. Nxd4 Nf6 5. Nc3 a6 6. h3 e5 7. Nde2 h5 8. g3 Be7 9. Be3 Nbd7 10. a4 Nc5 11. Bg2 Bd7 12. b4 Ne6 13. a5 O-O 14. O-O Rc8 15. Qd3 Qc7 16. f4 Rfe8 17. Rad1 Nf8 18. Rd2 Qc4 19. Rb1 Ng6 20. f5 Nf8 21. b5 axb5 22. Nxb5 Qa2 23. Nbc3 Qxa5 24. Rxb7 Rc7 25. Rb3 Qa8 26. Bf3 Bc6 27. g4 hxg4 28. hxg4 N6h7 29. Ng3 Ng5 30. Bg2 Rb8 31. Rf2 Rcb7 32. Rxb7 Qxb7 33. Nh5 Nfh7 34. Rf1 Qc7 35. Ra1 Ra8 36. Rb1 Rb8 37. Ra1 Ra8 38. Rb1 Rb8 1/2-1/2

[Event "BL 2324 SK Doppelbauer Turm Kiel - SC He"]
[Site "?"]
[Date "2024.03.16"]
[Round "12.2"]
[White "Teclaf, Pawel"]
[Black "Kraemer, Martin"]
[Result "1/2-1/2"]
[WhiteElo "2556"]
[BlackElo "2574"]
[PlyCount "63"]
[EventDate "2024.??.??"]

1. Nf3 d5 2. e3 Nf6 3. d4 c5 4. c4 dxc4 5. Bxc4 e6 6. O-O a6 7. Be2 Nbd7 8. b3 b6 9. Bb2 Bb7 10. Nbd2 Be7 11. Nc4 O-O 12. dxc5 Bxc5 13. a3 a5 14. Nd4 Qe7 15. Bf3 Bxf3 16. Qxf3 Bxd4 17. Bxd4 b5 18. Ne5 Nxe5 19. Bxe5 Rfd8 20. Rfd1 Rac8 21. h3 Rxd1+ 22. Rxd1 Qxa3 23. Bxf6 gxf6 24. Qxf6 Rc1 25. Qg5+ Kf8 26. Qd8+ Kg7 27. Rxc1 Qxc1+ 28. Kh2 Qc2 29. Qg5+ Kf8 30. Qd8+ Kg7 31. Qg5+ Kf8 32. Qd8+ 1/2-1/2

[Event "BL 2324 SK Doppelbauer Turm Kiel - SC He"]
[Site "?"]
[Date "2024.03.16"]
[Round "12.3"]
[White "Neugebauer, Martin"]
[Black "Gumularz, Szymon"]
[Result "0-1"]
[WhiteElo "2529"]
[BlackElo "2590"]
[PlyCount "82"]
[EventDate "2024.??.??"]

1. e4 e6 2. d4 d5 3. Nd2 c5 4. exd5 Qxd5 5. Ngf3 cxd4 6. Bc4 Qd6 7. O-O Nf6 8. Nb3 Nc6 9. Nbxd4 Nxd4 10. Nxd4 Be7 11. Nb5 Qc6 12. Qe2 O-O 13. Re1 Rd8 14. c3 a6 15. Nd4 Qc7 16. Bg5 Nd5 17. Bxe7 Nxe7 18. Bb3 Ng6 19. Qe4 Bd7 20. Rad1 a5 21. Bc2 a4 22. a3 Qb6 23. h4 Ra5 24. Nf3 Qxb2 25. Qb4 Qxb4 26. cxb4 Raa8 27. Be4 Bc6 28. Bxc6 bxc6 29. Rc1 Ne7 30. Ne5 Ra6 31. Red1 Rd5 32. Nd7 h5 33. Rxd5 exd5 34. Re1 Nf5 35. Re8+ Kh7 36. Rc8 Nd6 37. Rb8 Nb5 38. Nc5 Ra7 39. Rc8 Nxa3 40. Rxc6 Nb5 41. Rb6 Nd4 0-1

[Event "BL 2324 SK Doppelbauer Turm Kiel - SC He"]
[Site "?"]
[Date "2024.03.16"]
[Round "12.4"]
[White "Gavrilescu, David"]
[Black "Krejci, Jan"]
[Result "0-1"]
[WhiteElo "2524"]
[BlackElo "2537"]
[PlyCount "80"]
[EventDate "2024.??.??"]

1. e4 e5 2. Nf3 Nc6 3. d4 exd4 4. Nxd4 Bc5 5. Nb3 Bb6 6. Nc3 d6 7. Bf4 Be6 8. Nd5 Nf6 9. Nxb6 axb6 10. Nd2 O-O 11. Bd3 Nd7 12. c3 f5 13. exf5 Nc5 14. Be2 Bxf5 15. O-O Bd3 16. Bxd3 Nxd3 17. Bg3 Kh8 18. Nc4 Nc5 19. Qg4 Qc8 20. Qh4 Qe6 21. Rae1 g5 22. Qxg5 Qxc4 23. Qh6 Qf7 24. b4 Nd3 25. Re4 Qg6 26. Qh4 Rxa2 27. Re3 b5 28. f4 Qf5 29. Qh6 Nde5 30. h3 Rf6 31. Qh4 h5 32. Be1 Ng6 33. Qg3 Nce5 34. Kh1 h4 35. Qh2 Nc4 36. Re8+ Kh7 37. Qg1 Qd5 38. Bf2 Nxf4 39. Bd4 Rxg2 40. Re7+ Kg6 0-1

[Event "BL 2324 SK Doppelbauer Turm Kiel - SC He"]
[Site "?"]
[Date "2024.03.16"]
[Round "12.6"]
[White "Thybo, Jesper Sondergaard"]
[Black "Kraus, Tomas"]
[Result "1/2-1/2"]
[WhiteElo "2542"]
[BlackElo "2501"]
[PlyCount "79"]
[EventDate "2024.??.??"]

1. d4 d5 2. Nf3 e6 3. g3 b6 4. Bg2 Bb7 5. O-O Nd7 6. b3 c5 7. Bb2 Ngf6 8. Nbd2 Be7 9. c4 O-O 10. cxd5 exd5 11. Ne5 Re8 12. Rc1 Nf8 13. Nd3 Ne6 14. dxc5 bxc5 15. Bxf6 Bxf6 16. Nxc5 Nxc5 17. Rxc5 Qe7 18. Rxd5 Bxd5 19. Bxd5 Rad8 20. e4 Qb4 21. Qc2 Qc3 22. Rc1 Rc8 23. Nc4 Qxc2 24. Rxc2 Kf8 25. Kg2 Rc7 26. f4 Rd8 27. Rd2 a5 28. a4 h5 29. h3 Rc5 30. Kf3 g6 31. Rd3 Kg7 32. Ke2 Be7 33. Rf3 f5 34. Re3 Bf6 35. Kf3 fxe4+ 36. Bxe4 Rd1 37. Ke2 Rd4 38. g4 hxg4 39. hxg4 g5 40. f5 1/2-1/2

[Event "BL 2324 SK Doppelbauer Turm Kiel - SC He"]
[Site "?"]
[Date "2024.03.16"]
[Round "12.7"]
[White "Ferreira, Jorge Viterbo"]
[Black "Fromm, Marius"]
[Result "0-1"]
[WhiteElo "2524"]
[BlackElo "2445"]
[PlyCount "100"]
[EventDate "2024.??.??"]

1. c4 e5 2. g3 c6 3. d4 Bb4+ 4. Bd2 Bxd2+ 5. Qxd2 d6 6. Nc3 Nf6 7. Bg2 Nbd7 8. e3 O-O 9. Nge2 Re8 10. Qc2 Qe7 11. b3 e4 12. h3 Nf8 13. a4 Ng6 14. a5 Bd7 15. O-O h5 16. Nf4 Nxf4 17. exf4 Bf5 18. Kh2 d5 19. Nd1 Qd6 20. Ne3 Be6 21. Qc3 h4 22. Rfd1 g6 23. c5 Qc7 24. a6 b6 25. cxb6 Qxb6 26. Nc2 Rab8 27. b4 Kg7 28. Kg1 Qc7 29. Qe3 Nh5 30. f5 Bd7 31. Ra3 Rh8 32. fxg6 f5 33. Qg5 Nf6 34. Rc1 Rh5 35. Qd2 Kxg6 36. Bf1 Rg5 37. Kh2 Nh5 38. Qe1 hxg3+ 39. fxg3 f4 40. g4 f3+ 41. Kg1 Bxg4 42. h4 Rf5 43. Qf2 Rg8 44. Ne3 Kh7 45. Kh1 Ng3+ 46. Kg1 Rh5 47. Qh2 Ne2+ 48. Bxe2 Bd7+ 49. Kh1 Qxh2+ 50. Kxh2 Rxh4# 0-1

[Event "BL 2324 SG Solingen - MSA Zugzwang"]
[Site "?"]
[Date "2024.03.17"]
[Round "13.3"]
[White "Baidetskyi, Valentin"]
[Black "Andersen, Mads"]
[Result "1/2-1/2"]
[WhiteElo "2485"]
[BlackElo "2599"]
[PlyCount "61"]
[EventDate "2024.??.??"]

1. e4 e5 2. Nf3 Nc6 3. d4 exd4 4. Nxd4 Nf6 5. Nxc6 bxc6 6. e5 Qe7 7. Qe2 Nd5 8. c4 Ba6 9. b3 g6 10. Bb2 Bg7 11. g3 O-O 12. Bg2 Rae8 13. O-O Bxe5 14. Qxe5 Qxe5 15. Bxe5 Rxe5 16. cxd5 Bxf1 17. Kxf1 cxd5 18. Nc3 c6 19. Rd1 a5 20. Bf3 Rb8 21. Na4 Kf8 22. Nc5 Ke7 23. Rd4 Kd6 24. Nd3 Ree8 25. Ra4 Ra8 26. Rf4 f5 27. h4 Kc7 28. Nc5 Kd6 29. Nb7+ Kc7 30. Nc5 Kd6 31. Nb7+ 1/2-1/2

[Event "BL 2324 SC Viernheim - SV Werder Bremen"]
[Site "?"]
[Date "2024.04.27"]
[Round "14.3"]
[White "Efimenko, Zahar"]
[Black "Maghsoodloo, Parham"]
[Result "1/2-1/2"]
[WhiteElo "2565"]
[BlackElo "2732"]
[PlyCount "118"]
[EventDate "2024.??.??"]

1. Nf3 Nf6 2. g3 d5 3. Bg2 e6 4. O-O Be7 5. c4 O-O 6. b3 d4 7. e3 c5 8. exd4 cxd4 9. d3 Nc6 10. Qe2 Nd7 11. Ba3 Re8 12. Bxe7 Qxe7 13. Nbd2 a5 14. Rfe1 Ra6 15. Nh4 g6 16. f4 Nb4 17. Ne4 f5 18. Nf2 Nc6 19. Nf3 a4 20. bxa4 Nc5 21. Rab1 Nxa4 22. Nd1 Rd8 23. Qd2 Qc5 24. Kh1 Qa5 25. Qe2 Nc5 26. Rb5 Qa3 27. Nf2 Bd7 28. h4 b6 29. h5 Qxa2 30. Rb2 Qa3 31. Ne5 Nxe5 32. Qxe5 Na4 33. Ra2 Qc5 34. Qf6 Rf8 35. Qg5 Kg7 36. g4 Qd6 37. Re5 Ra5 38. gxf5 Rxf5 39. h6+ Kg8 40. Qd8+ Rf8 41. Qg5 Rf5 42. Qd8+ Rf8 43. Qg5 Rxf4 44. Rxa5 bxa5 45. Ng4 Qf8 46. Ne5 Nc5 47. Bh3 Bc8 48. Rxa5 Nxd3 49. Nxd3 Rf3 50. Bg2 Rxd3 51. Ra8 Rb3 52. Ra7 Rb1+ 53. Kh2 Qd6+ 54. Qg3 Qxg3+ 55. Kxg3 d3 56. Ra8 d2 57. Rxc8+ Kf7 58. Bf3 Ke7 59. Kf2 d1=Q 1/2-1/2

[Event "BL 2324 SG Solingen - SC Ötigheim"]
[Site "?"]
[Date "2024.04.27"]
[Round "14.5"]
[White "Laurent-Paoli, Pierre"]
[Black "Roseneck, Jonas"]
[Result "1-0"]
[WhiteElo "2551"]
[BlackElo "2393"]
[PlyCount "85"]
[EventDate "2024.??.??"]

1. d4 Nf6 2. c4 e6 3. Nc3 Bb4 4. e3 O-O 5. a3 Bxc3+ 6. bxc3 Nc6 7. f3 e5 8. e4 Nh5 9. Be3 f5 10. d5 Ne7 11. exf5 Nxf5 12. Bf2 e4 13. fxe4 Qf6 14. Qf3 Qe5 15. Ne2 Nd6 16. Bd4 Qe8 17. Qe3 Nxe4 18. g4 Nhf6 19. Bg2 Nd6 20. Qxe8 Rxe8 21. c5 Nf7 22. d6 cxd6 23. cxd6 Nxd6 24. g5 Nfe4 25. O-O-O b6 26. h4 Bb7 27. Nf4 Rac8 28. Rhe1 Rf8 29. Be5 Nxc3 30. Bxb7 Nxb7 31. Rxd7 Rf7 32. Rxf7 Kxf7 33. Kb2 Na4+ 34. Kb1 Nbc5 35. h5 Re8 36. g6+ hxg6 37. hxg6+ Kg8 38. Rd1 Ne4 39. Rd7 Nf6 40. Bxf6 gxf6 41. Nh5 Re1+ 42. Kc2 Re2+ 43. Kc1 1-0

[Event "BL 2324 SK Kirchweyhe - SC Viernheim"]
[Site "?"]
[Date "2024.04.28"]
[Round "15.1"]
[White "Duda, Jan-Krzysztof"]
[Black "Brkic, Ante"]
[Result "1-0"]
[WhiteElo "2731"]
[BlackElo "2643"]
[PlyCount "105"]
[EventDate "2024.??.??"]

1. Nf3 d5 2. g3 g6 3. Bg2 Bg7 4. O-O e5 5. d3 Nc6 6. Nbd2 Nge7 7. e4 O-O 8. Rb1 a5 9. b3 d4 10. Nc4 b5 11. Nb2 h6 12. a4 b4 13. Nh4 Be6 14. f4 exf4 15. gxf4 f5 16. Qe1 Qd7 17. Bd2 Bf7 18. Qg3 fxe4 19. dxe4 d3 20. Nxd3 Nd4 21. Rf2 Nxc2 22. Ne5 Qe6 23. Nxf7 Rxf7 24. Rc1 Nd4 25. Bf1 Qxb3 26. Bc4 Qxg3+ 27. hxg3 c6 28. Be3 Bf6 29. Kg2 Kf8 30. Rd2 c5 31. Nf3 Nxf3 32. Kxf3 Bc3 33. Rd7 Rf6 34. Bxc5 Rc6 35. Bxe7+ Ke8 36. Bb5 Kxd7 37. Bf6 Rb8 38. Bxc6+ Kxc6 39. Bxc3 bxc3 40. Rxc3+ Kd7 41. Rc5 Rb3+ 42. Kg4 Rb4 43. Rd5+ Kc7 44. Rxa5 Rxe4 45. Ra6 g5 46. Rxh6 gxf4 47. gxf4 Rxa4 48. Re6 Kd7 49. Re1 Ra8 50. Kg5 Rg8+ 51. Kh6 Rf8 52. Re4 Kd6 53. Kg7 1-0

[Event "BL 2324 FC Bayern München - SK Doppelba"]
[Site "?"]
[Date "2024.04.28"]
[Round "15.7"]
[White "Kopylov, Daniel"]
[Black "Lokander, Martin"]
[Result "0-1"]
[WhiteElo "2355"]
[BlackElo "2471"]
[PlyCount "92"]
[EventDate "2024.??.??"]

1. e4 e5 2. Nf3 Nc6 3. Bb5 a6 4. Ba4 d6 5. c3 Bd7 6. O-O g6 7. d4 Bg7 8. Re1 Nf6 9. Nbd2 O-O 10. h3 Nh5 11. Nf1 Kh8 12. dxe5 dxe5 13. Bg5 Qe8 14. Qd2 f6 15. Be3 Rd8 16. Qc1 f5 17. Bc5 Rg8 18. Ne3 b6 19. Ba3 Bh6 20. Qc2 Nd4 21. cxd4 Bxa4 22. Qxc7 exd4 23. Nc4 Qc6 24. Qxc6 Bxc6 25. Nfe5 Bxe4 26. Nf7+ Kg7 27. Nxd8 Rxd8 28. Nd6 Nf6 29. Red1 d3 30. f3 Be3+ 31. Kh1 Bf4 32. fxe4 fxe4 33. Nc4 b5 34. Nd2 Bxd2 35. Rxd2 e3 36. Be7 Rd7 37. Bxf6+ Kxf6 38. Rf1+ Kg5 39. Rdd1 e2 40. Kg1 d2 41. Kf2 exf1=Q+ 42. Kxf1 Kh4 43. Kf2 h5 44. Kf3 Rf7+ 45. Ke3 Kg3 46. Rxd2 Re7+ 0-1

[Event "BL 2324 MSA Zugzwang - Hamburger SK"]
[Site "?"]
[Date "2024.04.28"]
[Round "15.2"]
[White "Horvath, Dominik"]
[Black "Svane, Rasmus"]
[Result "1/2-1/2"]
[WhiteElo "2538"]
[BlackElo "2627"]
[PlyCount "37"]
[EventDate "2024.??.??"]

1. e4 e5 2. Nf3 Nc6 3. Bb5 Nf6 4. O-O Nxe4 5. Re1 Nd6 6. Nxe5 Be7 7. Bf1 Nxe5 8. Rxe5 O-O 9. d4 Bf6 10. Re1 Nf5 11. c3 d5 12. Bf4 c6 13. Nd2 Bg5 14. Bxg5 Qxg5 15. Nf3 Qf6 16. Bd3 Nd6 17. Ne5 Bf5 18. Qf3 Rfe8 19. Bxf5 1/2-1/2

[Event "BL 2324 MSA Zugzwang - Hamburger SK"]
[Site "?"]
[Date "2024.04.28"]
[Round "15.3"]
[White "Svane, Frederik"]
[Black "Baidetskyi, Valentin"]
[Result "1/2-1/2"]
[WhiteElo "2627"]
[BlackElo "2485"]
[PlyCount "64"]
[EventDate "2024.??.??"]

1. e4 d6 2. d4 Nf6 3. Nc3 e5 4. Nf3 Nbd7 5. Bc4 Be7 6. O-O O-O 7. a4 exd4 8. Nxd4 Ne5 9. Ba2 Nc6 10. Bf4 Nb4 11. Bb3 a6 12. Re1 c5 13. Nf3 Be6 14. Bxe6 fxe6 15. Ng5 Qd7 16. e5 dxe5 17. Bxe5 Qxd1 18. Raxd1 Nxc2 19. Re2 Nd4 20. Bxd4 cxd4 21. Rxd4 Bc5 22. Rd1 e5 23. Ne6 Rfc8 24. g3 Rc6 25. Nd8 Rb6 26. Rxe5 Bxf2+ 27. Kf1 Rxb2 28. Ne4 Kf8 29. Ne6+ Kf7 30. Nd8+ Kf8 31. Ne6+ Kf7 32. Nd8+ Kf8 1/2-1/2

[Event "BL 2324 MSA Zugzwang - Hamburger SK"]
[Site "?"]
[Date "2024.04.28"]
[Round "15.7"]
[White "Kramer, Julian"]
[Black "Zysk, Robert"]
[Result "1-0"]
[WhiteElo "2470"]
[BlackElo "2383"]
[PlyCount "73"]
[EventDate "2024.??.??"]

1. e4 e6 2. d4 d5 3. e5 c5 4. c3 Nc6 5. Nf3 Bd7 6. Be2 Nge7 7. O-O cxd4 8. cxd4 Nf5 9. Nc3 a6 10. a3 Rc8 11. Be3 Be7 12. Bd3 Nxe3 13. fxe3 O-O 14. Qc2 g6 15. h4 Bxh4 16. Nxh4 Qxh4 17. Rf4 Qg5 18. Raf1 Nxe5 19. dxe5 Qxe5 20. Qd2 f5 21. Rb4 Rc7 22. Bb1 Bc6 23. Ba2 Kg7 24. Rb6 Rcf7 25. Qd4 Qxd4 26. exd4 f4 27. Bb3 f3 28. Ba4 f2+ 29. Kh2 Rf4 30. g3 Rxd4 31. Bxc6 bxc6 32. Rxc6 e5 33. Rc7+ Kh6 34. Rd7 e4 35. Rxd5 Rxd5 36. Nxd5 Kg5 37. Kg2 1-0

[Event "BL 2324 OSG Baden-Baden - SG Solingen"]
[Site "?"]
[Date "2024.04.28"]
[Round "15.7"]
[White "Schaefer, Markus"]
[Black "Movsesian, Sergei"]
[Result "0-1"]
[WhiteElo "2342"]
[BlackElo "2616"]
[PlyCount "118"]
[EventDate "2024.??.??"]

1. e4 c5 2. Nf3 e6 3. g3 Nc6 4. Bg2 Nf6 5. Qe2 e5 6. O-O Be7 7. c3 O-O 8. Rd1 d5 9. d3 d4 10. Na3 Be6 11. Ng5 Bg4 12. f3 Bh5 13. g4 Bg6 14. Nh3 h5 15. Nf2 hxg4 16. fxg4 Nh7 17. Nh3 a6 18. c4 Rb8 19. Nc2 b5 20. Ne1 Qd7 21. Nf2 Bh4 22. h3 Ng5 23. Nf3 Nxf3+ 24. Qxf3 Nd8 25. Nh1 Ne6 26. b3 Rb6 27. Ng3 Ng5 28. Bxg5 Bxg5 29. Nf5 bxc4 30. dxc4 Qd8 31. Bf1 Bh7 32. Qg2 g6 33. Ng3 Be3+ 34. Kh2 Rf6 35. Nh1 Kg7 36. Bd3 Rh8 37. Rf1 Bf4+ 38. Kg1 Bg8 39. Ng3 Qa5 40. Ne2 Be3+ 41. Kh2 Rxf1 42. Qxf1 Qd2 43. Qd1 Bf4+ 44. Kg2 Qe3 45. Nxf4 exf4 46. Qf3 Qxf3+ 47. Kxf3 Rxh3+ 48. Ke2 f6 49. a3 Be6 50. Rg1 Rh2+ 51. Kf3 g5 52. b4 Ra2 53. e5 Rxa3 54. Ke4 fxe5 55. bxc5 Bd7 56. Rd1 Kf6 57. Kd5 Bxg4 58. Rd2 Bf3+ 59. Kd6 e4 0-1

[Event "BL 2324 OSG Baden-Baden - SG Solingen"]
[Site "?"]
[Date "2024.04.28"]
[Round "15.8"]
[White "Hagner, Bennet"]
[Black "Bashylina, Luisa"]
[Result "1-0"]
[WhiteElo "2354"]
[BlackElo "2175"]
[PlyCount "67"]
[EventDate "2024.??.??"]

1. e4 c5 2. Nf3 d6 3. d4 cxd4 4. Nxd4 Nf6 5. Nc3 a6 6. a3 e6 7. Be3 b5 8. g4 h6 9. Rg1 e5 10. Nb3 Be6 11. h4 h5 12. g5 Ng4 13. Bd2 Qb6 14. Rg2 Nd7 15. Qf3 Rc8 16. Bd3 Nc5 17. Nxc5 dxc5 18. Nd5 Qb7 19. c4 Bd6 20. Qe2 Bxd5 21. cxd5 c4 22. Bc2 b4 23. axb4 Bxb4 24. f3 c3 25. bxc3 Bxc3 26. Bxc3 Rxc3 27. fxg4 Qb4 28. Kf1 Rh3 29. Rb1 Qd4 30. Qf2 Rh1+ 31. Rg1 Qc4+ 32. Kg2 Rxg1+ 33. Kxg1 O-O 34. gxh5 1-0

[Event "BL 2324 SC Ötigheim - SV Mülheim Nord"]
[Site "?"]
[Date "2024.04.28"]
[Round "15.5"]
[White "Dinstuhl, Volkmar"]
[Black "Laurent-Paoli, Pierre"]
[Result "0-1"]
[WhiteElo "2389"]
[BlackElo "2551"]
[PlyCount "102"]
[EventDate "2024.??.??"]

1. Nf3 d5 2. d4 Nf6 3. c4 e6 4. Nc3 Bb4 5. Qa4+ Nc6 6. e3 O-O 7. Qc2 Bxc3+ 8. bxc3 Re8 9. cxd5 exd5 10. Bb5 Ne4 11. O-O Bf5 12. Bd3 Bg6 13. Rb1 Nd6 14. Bxg6 hxg6 15. c4 Nxc4 16. Rxb7 Qd7 17. Rb3 Rab8 18. Bd2 Qf5 19. Qxf5 gxf5 20. g3 Rb6 21. Rfb1 Reb8 22. Kf1 f6 23. Bc3 Kf7 24. h4 g6 25. Ke2 N6a5 26. Rxb6 axb6 27. Ne1 Ra8 28. Rc1 Nb7 29. Rc2 Nbd6 30. Bb4 Ne4 31. Nd3 g5 32. hxg5 fxg5 33. Ne5+ Ke6 34. Nxc4 dxc4 35. f3 Nxg3+ 36. Kf2 Nh5 37. e4 c6 38. a3 b5 39. Rc1 Nf4 40. Rh1 Nd3+ 41. Ke2 Nxb4 42. Rh6+ Kd7 43. Rh7+ Kc8 44. axb4 Ra2+ 45. Kd1 Ra3 46. Ke2 fxe4 47. fxe4 Rd3 48. Rg7 Rxd4 49. Ke3 c3 50. Rxg5 Rc4 51. Rg1 Rxb4 0-1

[Event "BL 2324 SC Ötigheim - SV Mülheim Nord"]
[Site "?"]
[Date "2024.04.28"]
[Round "15.7"]
[White "Van Osch, Mees"]
[Black "Lai, Hing Ting"]
[Result "1/2-1/2"]
[WhiteElo "2363"]
[BlackElo "2478"]
[PlyCount "86"]
[EventDate "2024.??.??"]

1. e4 c6 2. d4 d5 3. e5 Bf5 4. h4 Qb6 5. c4 dxc4 6. Na3 e6 7. Nxc4 Qd8 8. Nf3 Nd7 9. Ne3 Be4 10. Ng5 Bg6 11. h5 Qxg5 12. hxg6 Qxg6 13. Bd3 Qg5 14. Qf3 Nh6 15. Nd5 Qd8 16. Nc3 Qb6 17. Bxh6 gxh6 18. O-O-O O-O-O 19. Bc2 c5 20. dxc5 Bxc5 21. Na4 Qc7 22. Nxc5 Qxc5 23. Qxf7 Rhf8 24. Qxh7 Nxe5 25. f3 Nc4 26. Qe4 Qg5+ 27. f4 Rxf4 28. Qxe6+ Kc7 29. Rh5 Qxh5 30. Qe7+ Kc6 31. Rxd8 Rf1+ 32. Bd1 Qg5+ 33. Qxg5 hxg5 34. Rd3 Ne5 35. Re3 g4 36. Kd2 Rf4 37. Be2 Kd5 38. Rb3 b6 39. Rb5+ Ke4 40. Rb4+ Kf5 41. Rb3 Rf2 42. g3 Rg2 43. Ke1 Rh2 1/2-1/2